000 00666nam a2200193 4500
005 20250506115351.0
010 _aENG-144829
020 _a9789381574683
_c900.00
035 _aEN-128361
037 _bDBAD
082 _a338.10954
_21
245 _aInscriptions and Agrarian Issues in Indian History:
_bEssays In Memory of D.C Sircat/
_cEdited By B.D.Chattopadhyaya: Suchandra Ghosh [and] Bishnupriya Basak
250 _a1
260 _aKolkata
_bThe Asiatic Society
_c2017
270 _a1, Park Street
_bKolkata
_e700 016
300 _a215p.
_c24cm(hb)
700 _aChattopadhyaya, B.D.
_eEditor
_981015
942 _2ddc
_cEN
_h338.10954
_mINS
_e1
999 _c211149
_d211149